Southville International School and Colleges
Your cart is empty.
  • Cart
  • Lists
    Public lists Eva Luna New books Lux_list list_1
    Your lists Log in to create your own lists
  • Log in to your account
  • Your cookies
  • Search history
Southville International School and Colleges
  • Advanced search
  • Recent comments
  • Most popular
  • Libraries

Log in to your account

Log in with GOOGLE


If you do not have an external account, but do have a local account, you can still log in:

  1. Home
  2. MARC view: The world according to Martha /
Normal view MARC view ISBD view

The world according to Martha / (Record no. 339678)

[ view plain ]
MARC details
000 -LEADER
fixed length control field 00727nam a2200289Ia 4500
008 - FIXED-LENGTH DATA ELEMENTS--GENERAL INFORMATION
fixed length control field 170711s9999 xx 000 0 und d
020 ## - INTERNATIONAL STANDARD BOOK NUMBER
International Standard Book Number 71464565
050 ## - LIBRARY OF CONGRESS CALL NUMBER
Classification number 640.9
050 ## - LIBRARY OF CONGRESS CALL NUMBER
Item number St849 2006
100 ## - MAIN ENTRY--PERSONAL NAME
Personal name Stewart, Martha
245 #4 - TITLE STATEMENT
Title The world according to Martha /
245 ## - TITLE STATEMENT
Statement of responsibility, etc by Martha Stewart ; edited by Bill Adler.
260 ## - PUBLICATION, DISTRIBUTION, ETC. (IMPRINT)
Place of publication, distribution, etc USA :
260 ## - PUBLICATION, DISTRIBUTION, ETC. (IMPRINT)
Name of publisher, distributor, etc McGraw Hill,
260 ## - PUBLICATION, DISTRIBUTION, ETC. (IMPRINT)
Date of publication, distribution, etc 2006
300 ## - PHYSICAL DESCRIPTION
Extent vii, 182 pages :
300 ## - PHYSICAL DESCRIPTION
Other physical details illustrations ;
300 ## - PHYSICAL DESCRIPTION
Dimensions 20cm.
650 ## - SUBJECT ADDED ENTRY--TOPICAL TERM
Topical term or geographic name as entry element Business women --
650 ## - SUBJECT ADDED ENTRY--TOPICAL TERM
Topical term or geographic name as entry element Home economists --
650 ## - SUBJECT ADDED ENTRY--TOPICAL TERM
Topical term or geographic name as entry element Stewart, Martha --
650 ## - SUBJECT ADDED ENTRY--TOPICAL TERM
General subdivision Quotations.
650 ## - SUBJECT ADDED ENTRY--TOPICAL TERM
General subdivision United States.
650 ## - SUBJECT ADDED ENTRY--TOPICAL TERM
General subdivision United States.
700 ## - ADDED ENTRY--PERSONAL NAME
Personal name Adler, Bill.
700 ## - ADDED ENTRY--PERSONAL NAME
Personal name Title.

No items available.

The world according to Martha /

APA

Stewart M., Adler B. & Title.The world according to Martha. USA: .

Chicago

Stewart Martha, Adler Bill and Title.The world according to Martha. USA: .

Harvard

Stewart M., Adler B. and Title.The world according to Martha. USA: .

MLA

Stewart Martha, Adler Bill and Title.USA: . .

  • Print
  • Cite
  • Add to your cart (remove)
  • Save record
    BIBTEX Dublin Core MARCXML MARC (non-Unicode/MARC-8) MARC (Unicode/UTF-8) MARC (Unicode/UTF-8, Standard) MODS (XML) RIS
  • More searches
    Search for this title in:
    Other Libraries (WorldCat) Other Databases (Google Scholar) Online Stores (Bookfinder.com) Open Library (openlibrary.org)

Exporting to Dublin Core...

SOUTHVILLE LIBRARY

Southville International School and Colleges Library

1281 Tropical Ave. Cor. Luxembourg St., BF Homes International, Las Pinas City

Tel. No. 8256374 / 252358 Loc. 117/146

Powered by Koha